Kỹ thuật nuôi trồng một số loại thuỷ sản

Wedi'i Gadw mewn:
Manylion Llyfryddiaeth
Prif Awdur: Lê, Thị Thuỷ
Fformat: Llyfr
Iaith:Undetermined
Cyhoeddwyd: Thanh Hóa Công ty văn hoá Bảo Thắng 2004
Pynciau:
Tagiau: Ychwanegu Tag
Dim Tagiau, Byddwch y cyntaf i dagio'r cofnod hwn!
Thư viện lưu trữ: Trung tâm Học liệu Trường Đại học Cần Thơ
LEADER 00564nam a2200193Ia 4500
001 CTU_100590
008 210402s9999 xx 000 0 und d
020 |c 20000 
082 |a 639.3 
082 |b Th523 
100 |a Lê, Thị Thuỷ 
245 0 |a Kỹ thuật nuôi trồng một số loại thuỷ sản 
245 0 |c Lê Thị Thuỷ 
260 |a Thanh Hóa 
260 |b Công ty văn hoá Bảo Thắng 
260 |c 2004 
650 |a Fish,Nuôi cá 
904 |i Hiếu 
980 |a Trung tâm Học liệu Trường Đại học Cần Thơ